000 00324 a2200109 4500
001 ART_55509
005 20260410162048.0
008 260409a
245 1 0 _aBienes personales: adecuaciones positivas y negativas
100 1 _aSantacruz, Lidia M.
773 0 _tImpuestos
_g- N° 118 (feb. 2022)
_wREV45175
999 _c35528
_d35528